| 000 | 01383 a2200265 4500 | ||
|---|---|---|---|
| 001 | 52891 | ||
| 005 | 20260407155803.0 | ||
| 008 | 260407a2007 arg spa d | ||
| 003 | AR-UNSa-BCEJYS | ||
| 040 |
_aAR-UNSa-BCEJYS _bspa _cAR-UNSa-BCEJYS |
||
| 080 |
_a330.322.12 _xInversión privada |
||
| 245 | 1 | 0 | _aLa inversión privada en la Argentina (1950-2000) |
| 020 | _a978-950-9445-42-0 | ||
| 264 | 1 |
_aBuenos Aires : _bTemas Grupo Editorial _c2007 |
|
| 300 |
_axi, 243 p. _c22 cm. |
||
| 505 | _a1. La inversión privada: Concepto y relevancia para el caso argentino - 2. La teoría de la inversión - 3. Algunos hechos estilizados de la inversión privada en la Argentina - 4. La tasa de inversión en la Argentina 1950-2000 - 5. Composición de la inversión - 6. La contribución de la inversión al crecimiento económico - 7. La Argentina 1950-2000: Medio siglo de inestablilidad política y macroeconómica - 8. Incentivos a la inversión: Regímenes de promoción - 9. Comportamiento del ahorro interno y externo - 10. Incidencia de Riesgo País | ||
| 041 | _aspa | ||
| 942 | _cBK | ||
| 590 | _aniveau_biblio:m niveau_hierar:0 | ||
| 100 | 1 | _aCoremberg, Ariel Alberto | |
| 700 | 1 | _aMarotte, Baltazar | |
| 700 | 1 | _aRubini, Héctor | |
| 700 | 1 | _aTisocco, David | |
| 856 | 4 | 1 |
_uhttps://www.biblioeco.unsa.edu.ar/pmb/images/libros/L128293.jpg _yImagen de portada _qimage/jpeg |
| 999 |
_c5013 _d5013 |
||